000 00635nam a2200241Ia 4500
999 _c53535
_d53535
001 20581
003 GE_BSU
005 20210224170343.0
008 181216s2011||||ge |||||||||||||| ||geo||
040 _cGE_BSU
041 _ageo
080 _a373 C-52
245 _aChildren and disasters :
_bBuilding resilience through education.
260 _b?
264 _aBrussels :
_b?,
_c2011.
300 _a202 p. :
_bill.;
_c30 cm.
541 _h66 ლ.
653 _aChildren and disasters
653 _adisasters
653 _aBuilding resilience through education
653 _aპედაგოგიკა
942 _cBK
_2udc